ბათუმის შოთა რუსთაველის სახელმწიფო უნივერსიტეტის ბიბლიოთეკა

კულტურის პროგრამები ბიბლიოთეკებისათვის: ბიბლიოთეკების, საზოგადოებისა დაკულტურის დაკავშირება (ბიბ.ჩანაწერი № 52822)

000 -LEADER
fixed length control field 01454nam a2200265Ia 4500
001 - CONTROL NUMBER
control field 19852
003 - CONTROL NUMBER IDENTIFIER
control field GE_BSU
008 - FIXED-LENGTH DATA ELEMENTS--GENERAL INFORMATION
fixed length control field 181216s||||||||xx |||||||||||||| ||und||
020 ## - INTERNATIONAL STANDARD BOOK NUMBER
International Standard Book Number 9789941916069
040 ## - CATALOGING SOURCE
Transcribing agency GE_BSU
080 ## - UNIVERSAL DECIMAL CLASSIFICATION NUMBER
Universal Decimal Classification number 02
100 ## - MAIN ENTRY--PERSONAL NAME
Personal name რობერტსონი,ა. დებორა
245 ## - TITLE STATEMENT
Title კულტურის პროგრამები ბიბლიოთეკებისათვის: ბიბლიოთეკების, საზოგადოებისა დაკულტურის დაკავშირება
245 ## - TITLE STATEMENT
Statement of responsibility, etc. ინგ. თარგმნ. მაია სიმონიშვილმა. რედ. ლეილა ზამბახიძე. ლაშა გველესიანი. ლილი საყვარელიძე
260 ## - PUBLICATION, DISTRIBUTION, ETC.
Place of publication, distribution, etc. თბილისი
260 ## - PUBLICATION, DISTRIBUTION, ETC.
Name of publisher, distributor, etc. საქ. საბიბლიოთეკო ასოციაცია
260 ## - PUBLICATION, DISTRIBUTION, ETC.
Date of publication, distribution, etc. 2010
300 ## - PHYSICAL DESCRIPTION
Extent 136გვ.29სმ.
300 ## - PHYSICAL DESCRIPTION
Accompanying material ბიბლ.გვ.132-134
653 ## - INDEX TERM--UNCONTROLLED
Uncontrolled term ბიბლიოთეკარი
653 ## - INDEX TERM--UNCONTROLLED
Uncontrolled term კულტურის პროგრამები ბიბლიოთეკებისათვის: ბიბლიოთეკების, საზოგადოებისა დაკულტურის დაკავშირება
653 ## - INDEX TERM--UNCONTROLLED
Uncontrolled term ქსეროქსი
942 ## - ADDED ENTRY ELEMENTS (KOHA)
Koha item type წიგნი
ეგზემპლარები
Withdrawn status Lost status Damaged status Not for loan Date acquired Barcode Date last seen Price effective from Koha item type Public note
        2018-12-17 00418 2018-12-17 2018-12-17 წიგნი ქსეროქსი